| 000 | 01006cam a22002651i 4500 | ||
|---|---|---|---|
| 003 | SA_RiAUC | ||
| 005 | 20241013081442.0 | ||
| 008 | 241013s2008____su o g f000 0cara c | ||
| 020 | _a9789960612270 | ||
| 040 |
_aSA-RiDKA _bara _cSA-RiAUC _erda |
||
| 043 | _aa-su--- | ||
| 082 | 0 | 4 |
_a920.5 _qSA-RiAUC |
| 090 |
_a920.5 _bق ش ع |
||
| 100 | 1 |
_aالقشعمي، محمد، _d1364 هجري- _eمؤلف. |
|
| 245 | 1 | 0 |
_aرواد الصحافة السعودية : _bصحافة الأفراد / _cإعداد محمد القشعمي. |
| 264 | 1 |
_aالرياض : _bوزارة الثقافة والإعلام، _c2008 |
|
| 300 |
_a35 صفحة : _bصور ؛ _c21 سم |
||
| 336 |
_aنص _btxt _2rdacontent _3كتاب |
||
| 337 |
_aبدون وسيط _bn _2rdamedia |
||
| 338 |
_aمجلد _bnc _2rdacarrier |
||
| 650 | 7 |
_aالصحفيون السعوديون _vتراجم _2aucsh |
|
| 650 | 7 |
_aالصحافة _zالسعودية _xتاريخ _2aucsh |
|
| 942 |
_2ddc _cBOOK _n0 |
||
| 949 |
_aSA-JeALM _d241013 _umohamedma123 _n1 |
||
| 999 |
_c1253 _d1253 |
||